000 00696nam a2200229 a 4500
001 000048810
003 DO-SdBNP
005 20230301075909.0
007 ta
008 190411s2016 dr 000 0 spa d
020 _a9789945600469
040 _aDO-SdBNP
_bspa
_cBNPHU
082 4 _222
100 1 _aCastillo, Waldo
_976264
245 1 0 _aEmprende ahora :
_bel mundo está delante de ti, !sal a conquistarlo¡ /
_cWaldo Castillo.
260 _aSanto Domingo :
_bSantuario,
_c2016.
300 _a82 p. ;
_c23 cm.
500 _aIncluye datos biografícos del autor en la solapa de la cubierta
504 _aBibliografía : p. 81-82
590 _aInventariado, 2019/ YL
942 _2ddc
_cLBS1
999 _c48298
_d48298